Documento firmado por Don Miguel Hidalgo y Costilla (Record no. 4843)
[ view plain ]
| 000 -CABECERA | |
|---|---|
| campo de control de longitud fija | 01352nam a2200289 a 4500 |
| 001 - NÚMERO DE CONTROL | |
| campo de control | BRCA_5149 |
| 005 - FECHA Y HORA DE LA ÚLTIMA TRANSACCIÓN | |
| campo de control | 20190320204948.0 |
| 008 - DATOS DE LONGITUD FIJA--INFORMACIÓN GENERAL | |
| campo de control de longitud fija | 221110s1810----mx-#######---#000-0#spa-# |
| 041 ## - CÓDIGO DE LENGUA | |
| Código de lengua del texto/banda sonora o título independiente | spa |
| 044 ## - CÓDIGO DEL PAÍS DE LA ENTIDAD EDITORA/PRODUCTORA | |
| Código MARC del país | mx |
| 084 ## - OTRO NÚMERO DE CLASIFICACIÓN | |
| Número de clasificación | DOC136 |
| Número de documento/Ítem | .H53 |
| -- | 1810 |
| 100 1# - ENTRADA PRINCIPAL--NOMBRE DE PERSONA | |
| Nombre de persona | Hidalgo y Costilla, Miguel |
| Fechas asociadas al nombre | 1753-1811 |
| 9 (RLIN) | 4667 |
| 245 10 - MENCIÓN DE TÍTULO | |
| Título | Documento firmado por Don Miguel Hidalgo y Costilla |
| Mención de responsabilidad, etc. | Miguel Hidalgo y Costilla. |
| 260 ## - PUBLICACIÓN, DISTRIBUCIÓN, ETC. | |
| Lugar de publicación, distribución, etc. | México |
| Fecha de publicación, distribución, etc. | 1810 |
| 300 ## - DESCRIPCIÓN FÍSICA | |
| Extensión | [1] foja |
| Dimensiones | 13 x 24 cm. |
| 500 ## - NOTA GENERAL | |
| Nota general | Documento firmado el 29 de septiembre de 1810. |
| 500 ## - NOTA GENERAL | |
| Nota general | Miguel Hidalgo y Costilla ´Generalísimo de América´ extiende y firma un recibo a Don Francisco Rosales Administrador de la Hacienda perteneciente a Don Ignacio Garza Illueca por concepto de 100 reses, 105 carneros, 1 cabra, 8 mulas de tiro, 11 caballos y 1 macho de carga para el servicio de su ejército. |
| 500 ## - NOTA GENERAL | |
| Nota general | El documento contiene la leyenda DOC. #136. |
| 506 0# - NOTA DE RESTRICCIONES AL ACCESO | |
| Limitaciones de acceso | Fondo Reservado. Para su consulta es necesario credencial de usuario y carta de motivos. |
| 546 ## - NOTA DE LENGUA/LENGUAJE | |
| Nota de lengua/lenguaje | Texto en: español de principios del siglo XIX. |
| 600 14 - PUNTO DE ACCESO ADICIONAL DE MATERIA--NOMBRE DE PERSONA | |
| Nombre de persona | Hidalgo y Costilla, Miguel |
| Fechas asociadas al nombre | 1753-1811 |
| Subdivisión general | Historia |
| 9 (RLIN) | 13164 |
| 651 #4 - PUNTO DE ACCESO ADICIONAL DE MATERIA--NOMBRE GEOGRÁFICO | |
| Nombre geográfico | México |
| Subdivisión general | Historia |
| Subdivisión cronológica | Guerra de Independencia, 1810-1821 |
| 9 (RLIN) | 13165 |
| 700 1# - PUNTO DE ACCESO ADICIONAL--NOMBRE DE PERSONA | |
| Nombre de persona | Rosales, Francisco |
| 9 (RLIN) | 13166 |
| 700 1# - PUNTO DE ACCESO ADICIONAL--NOMBRE DE PERSONA | |
| Nombre de persona | Garza Illueca, Ignacio |
| 9 (RLIN) | 13167 |
| 902 ## - CATALOGADOR | |
| Iniciales | FDH |
| 942 ## - ELEMENTOS DE PUNTO DE ACCESO ADICIONAL (KOHA) | |
| Fuente del sistema de clasificación o colocación | Library of Congress Classification |
| Tipo de ítem Koha | Documentos |
| Estado de retiro | Estado de pérdida | Estado dañado | No para préstamo | Localización permanente | Ubicación/localización actual | Fecha de adquisición | Total de préstamos | Signatura topográfica completa | Código de barras | Fecha visto por última vez | Precio válido a partir de | Tipo de ítem Koha |
|---|---|---|---|---|---|---|---|---|---|---|---|---|
| El ejemplar forma parte de la colección y puede ser consultado según las políticas vigentes. | Biblioteca del Museo Franz Mayer (Rogerio Casas-Alatriste) | Biblioteca del Museo Franz Mayer (Rogerio Casas-Alatriste) | 22/11/2010 | DOC136 .H53 1810 | 5493 | 22/03/2019 | 22/03/2019 | Documentos |